Statistics for Countries That Border Romania

Click here to take the quiz!

General Stats

  • This quiz has been taken 29 times
  • The average score is 5 of 5

Answer Stats

Countries% Correct
Bulgaria
100%
Hungary
100%
Ukraine
100%
Moldova
96%
Serbia
91%

Score Distribution

Percentile by Number Answered

Percent of People with Each Score

Your Score History

You have not taken this quiz